HARRISON,S INTERNAL MEDICINES-1 (Record no. 195)

MARC details
000 -LEADER
fixed length control field 00367nam a2200145Ia 4500
008 - FIXED-LENGTH DATA ELEMENTS--GENERAL INFORMATION
fixed length control field 150201s2008 xx 000 0 und d
082 ## - DEWEY DECIMAL CLASSIFICATION NUMBER
Classification number 610
Item number H08F
100 ## - MAIN ENTRY--PERSONAL NAME
Personal name FAUCI, ANTHONY S.
245 ## - TITLE STATEMENT
Title HARRISON,S INTERNAL MEDICINES-1
250 ## - EDITION STATEMENT
Edition statement 17TH
260 ## - PUBLICATION, DISTRIBUTION, ETC. (IMPRINT)
Name of publisher, distributor, etc. MC-GRAW HILL
Place of publication, distribution, etc. NEW YORK
Date of publication, distribution, etc. 2008
300 ## - PHYSICAL DESCRIPTION
Extent 1-1364
650 ## - SUBJECT ADDED ENTRY--TOPICAL TERM
Topical term or geographic name as entry element MEDICINE AND DIAGNOSIS
942 ## - ADDED ENTRY ELEMENTS (KOHA)
Source of classification or shelving scheme Dewey Decimal Classification
Koha item type Books
Koha issues (borrowed), all copies 1
Holdings
Withdrawn status Lost status Source of classification or shelving scheme Damaged status Not for loan Collection code Home library Current library Shelving location Date acquired Source of acquisition Cost, normal purchase price Serial Enumeration / chronology SGTU Bill Number Total Checkouts Full call number Barcode Date last seen Bill Date Koha item type Date last checked out
    Dewey Decimal Classification   Not For Loan MEDICAL SGT Medical Library SGT Medical Library Reference Book 06/02/2010 JAYPEE 120.00 I SGTU 7215   610 H08F FM891 09/02/2015 10/03/2011 Books  
    Dewey Decimal Classification   Not For Loan MEDICAL SGT Medical Library SGT Medical Library Reference Book 06/02/2010 JAYPEE 120.00 I SGTU 7215   610 H08F FM892 09/02/2015 10/03/2011 Books  
    Dewey Decimal Classification   Not For Loan MEDICAL SGT Medical Library SGT Medical Library Reference Book 06/02/2010 JAYPEE 120.00 I SGTU 7215   610 H08F FM893 09/02/2015 10/03/2011 Books  
    Dewey Decimal Classification     MEDICAL SGT Medical Library SGT Medical Library Reference Book 06/02/2010 JAYPEE 120.00 I SGTU 7215 6 610 H08F FM894 30/05/2026 10/03/2011 Books 31/03/2026
    Dewey Decimal Classification     MEDICAL SGT Medical Library SGT Medical Library Reference Book 06/02/2010 JAYPEE 120.00 I SGTU 7215 2 610 H08F FM895 08/04/2026 10/03/2011 Books 08/04/2026